Memorie Del Mediterraneo

-д хадгалсан:
Номзүйн дэлгэрэнгүй
Үндсэн зохиолч: Fernand Braudel
Формат: Ном
Хэл сонгох:Тодорхойгүй
Хэвлэсэн: Tascabili Bompiani
Шошгууд: Шошго нэмэх
Шошго байхгүй, Энэхүү баримтыг шошголох эхний хүн болох!

MARC

LEADER 00000nam a2200000Ia 4500
001 R-455
003 CODICE-MESSINA
005 20260212102452.0
008 260211s9999 xx 000 0 und d
040 |c importazione_messina 
100 |a Fernand Braudel 
245 0 |a Memorie Del Mediterraneo 
260 |b Tascabili Bompiani 
942 |2 ddc  |c BK 
952 |0 0  |1 0  |2 ddc  |4 0  |6 SCAFFALE_4_000000000000000__ROMANZI  |7 0  |9 31275  |a ME  |b ME  |d 2026-02-11  |l 0  |o SCAFFALE 4 - ROMANZI  |p R-455  |r 2026-02-11 23:52:27  |w 2026-02-11  |x [REVISIONARE]  |y BK 
999 |c 26939  |d 26939